|
|
|
|
| LEADER |
00000nam a2200000 a 4500 |
| 001 |
vtls001444427 |
| 003 |
SK-MaSNL |
| 005 |
20260301081932.0 |
| 008 |
240315s1829 xx 0 und |
| 035 |
|
|
|a SNK000399653
|
| 040 |
|
|
|a SNK
|b slo
|c SNK
|e AACR2
|
| 044 |
|
|
|a xx
|
| 100 |
1 |
|
|a Rosenich, Lucas
|4 aut
|9 406025
|
| 245 |
1 |
|
|a Historiae Regni Hungariae compendium, quodin usum Auditorum suorum concinnavit Lucas Rosenich...
|n Tomus II.
|
| 260 |
|
|
|a Posonii
|b Typis Haeredum Belnayanorum
|c 1829
|
| 300 |
|
|
|a 373 s.
|
| 958 |
|
|
|a ONDV
|
| 999 |
|
|
|c 657213
|d 659143
|
| 952 |
|
|
|a SNK
|b SNK
|y VYP
|7 0
|p 17A0504895
|o snkSD 2706/2 D1
|i snkD 2438/61
|0 0
|1 0
|4 0
|d 2002-11-15
|l 0
|r 2005-01-02 00:00:00
|w 2026-02-23
|